Movie Alphabet D - Statistics

General Stats
  • This quiz has been taken 94 times
  • The average score is 10 of 16
Answer Stats
Picture Answer % Correct
Deadpool
97%
The Dark Knight
96%
Die Hard
91%
Doctor Strange
91%
Dune
91%
Dumb & Dumber
90%
Django Unchained
85%
Donnie Darko
64%
Dirty Harry
53%
The Da Vinci Code
51%
Dr. Strangelove Or: How I Learned to Stop Worrying and Love the Bomb
32%
Dazed and Confused
27%
Dial M for Murder
27%
Diamonds Are Forever
27%
The Dark Crystal
24%
Doctor Zhivago
23%
No matching quizzes found
Score Distribution
Percent of People with Each Score
Percentile by Number Answered
Your Score History
You have not taken this quiz